Determinants of day-range length in the black howler monkey at Lamanai, Belize /

Uloženo v:
Podrobná bibliografie
Hlavní autor: Arrowood, Heather C.
Další autoři: Mathews, Nancy E., Treves, Adrian.
Médium: Článek
Jazyk:English
Témata:
Tagy: Přidat tag
Žádné tagy, Buďte první, kdo otaguje tento záznam!
Thư viện lưu trữ: Thư viện Trường Đại học Đà Lạt
LEADER 00976nam a2200325 4500
001 DLU090095833
005 ##20091201
040 # # |a DLU  |b eng 
041 # # |a eng 
044 # # |a uk 
100 # # |a Arrowood, Heather C. 
245 # # |a Determinants of day-range length in the black howler monkey at Lamanai, Belize /  |c Heather C. Arrowood, Adrian Treves, Nancy E. Mathews. 
653 # # |a Alouatta  
653 # # |a Day range 
653 # # |a Feeding competition 
653 # # |a Folivory 
653 # # |a Group size 
653 # # |a Habitat quality 
700 # # |a Mathews, Nancy E. 
700 # # |a Treves, Adrian. 
773 # # |t Journal of Tropical Ecology  |g Vol. 19, part 5 (September 2003), p. 591-594 
920 # # |a Phòng Tạp chí -- Trung tâm Thông tin - Thư viện Trường Đại học Đà Lạt 
994 # # |a DLU 
900 # # |a True 
911 # # |a Trương Bảo Trâm Anh 
925 # # |a G 
926 # # |a A 
927 # # |a BB 
980 # # |a Thư viện Trường Đại học Đà Lạt